Metallurgy theory and practice (Record no. 12155)
[ view plain ]
| 000 -LEADER | |
|---|---|
| fixed length control field | 00787nam a2200229 4500 |
| 001 - CONTROL NUMBER | |
| control field | 292205 |
| 005 - DATE AND TIME OF LATEST TRANSACTION | |
| control field | 19700216000000.0 |
| 008 - FIXED-LENGTH DATA ELEMENTS--GENERAL INFORMATION | |
| fixed length control field | 700210s1969 ilua b 001 0 eng |
| 010 ## - LIBRARY OF CONGRESS CONTROL NUMBER | |
| LC control number | 70082378 |
| 040 ## - CATALOGING SOURCE | |
| Original cataloging agency | DLC |
| Transcribing agency | DLC |
| Modifying agency | DLC |
| 050 00 - LIBRARY OF CONGRESS CALL NUMBER | |
| Classification number | TN665 |
| Item number | .A44 |
| 082 00 - DEWEY DECIMAL CLASSIFICATION NUMBER | |
| Classification number | 669 |
| Edition number | 20 |
| Item number | ALL |
| 100 1# - MAIN ENTRY--PERSONAL NAME | |
| Personal name | Allen, Dell K. |
| 9 (RLIN) | 7383 |
| 245 10 - TITLE STATEMENT | |
| Title | Metallurgy theory and practice |
| Statement of responsibility, etc | [by] Dell K. Allen. |
| 260 ## - PUBLICATION, DISTRIBUTION, ETC. (IMPRINT) | |
| Place of publication, distribution, etc | Chicago, |
| Name of publisher, distributor, etc | American Technical Society |
| Date of publication, distribution, etc | [1969] |
| 300 ## - PHYSICAL DESCRIPTION | |
| Extent | 663 p. |
| Other physical details | illus. |
| Dimensions | 24 cm. |
| 500 ## - GENERAL NOTE | |
| General note | Including Index. |
| 504 ## - BIBLIOGRAPHY, ETC. NOTE | |
| Bibliography, etc | Includes bibliographies. |
| 650 #0 - SUBJECT ADDED ENTRY--TOPICAL TERM | |
| Topical term or geographic name as entry element | Metallurgy. |
| 9 (RLIN) | 7384 |
| 942 ## - ADDED ENTRY ELEMENTS (KOHA) | |
| Source of classification or shelving scheme | Dewey Decimal Classification |
| Item type | Book - Borrowing |
| Withdrawn status | Item status | Source of classification or shelving scheme | Damaged status | Not for loan | Vendor | Home library | Current library | Shelving location | Date acquired | Source of acquisition | Serial Enumeration / chronology | Total Checkouts | Total Renewals | Full call number | Barcode | Date last seen | Date last borrowed | Koha item type |
|---|---|---|---|---|---|---|---|---|---|---|---|---|---|---|---|---|---|---|
| Dewey Decimal Classification | Alef-Baa | Central Library | Central Library | First floor | 01/07/2009 | 150 | 1 | 1 | 669 ALL | 000016716 | 15/07/2025 | 14/12/2010 | Book - Borrowing |